000 00704nam a2200205Ii 4500
003 JO-AjNU
008 230605s9999||||xx |||||||||||||| ||und||
040 _aJO-AjNU
_bara
_erda
_cJO-AjNU
041 _aara
050 1 4 _aNK1175F3 1985
100 3 _aعبد الحليم,فتح الباب تأليف/حافظ رشدان,أحمد م.مشارك,
_eauthor
_913788
245 0 0 _aالتصميم في الفن التشكيلي
250 _aط2
264 3 1 _aالقاهرة:عالم الكتب,1985
300 _a94ص
336 _atext
_btxt
_2rdacontent
337 _aunmediated
_bn
_2rdamedia
338 _avolume
_bnc
_2rdacarrier
650 4 _aالتصميم في الفن التشكيلي-الفن
_913789
999 _aA3523
_c7091
_d7091